01010cam a2200229 a 450000100100000000500170001000800410002704000180006808200200008610000410010624500640014726000880021130000280029960000640032760000660039165000700045765000720052791000340059904900090063395201230064299900150076500000744420200929154155.0910827s1989 cu a 000 0dspa  aDO-SdBNPcDLC aCu866.44bR696m1 aRodriguez Feo, José,d1920-92069210aMi correspondencia con Lezama Lima /cJosé Rodriguez Feo. aEl Vedado, Ciudad de La Habana :bUnión de Escritores y Artistas de Cuba,cc1989. a143 p. :bil. ;c23 cm.10aLezama Lima, JosévCORRESPONDENCIA, MEMORIAS, ETC.92069310aRodriguez Feo, JosévCORRESPONDENCIA, MEMORIAS, ETC.920694 4aAutores cubanosySIGLO XXvCORRESPONDENCIA, MEMORIAS, ETC.920695 4aLiteratura cubanaySIGLO XXvCORRESPONDENCIA, MEMORIAS, ETC.920696 aCatalogación por copia / LC aBNGR 001052708MOaGRbGRcCTd2009-09-08iLF1l0oCu866.44 R696mp7444-10r2020-06-25w2020-06-25y2ZPréstamo interno c7225d7225